[Event "Challenge"]
[Site "http://www.queenalice.com/game.php?id=569771"]
[Date "2009.4.10"]
[Round "-"]
[White "Aldino"]
[Black "georgealexandre"]
[Result "1-0"]
[WhiteElo "2021"]
[BlackElo "1075"]

1. e4 a6 2. Nc3 e6 3. e5 Nc6 4. Nf3 d5 5. d4 Be7 6. Be3 Bb4 7. Qd2 Nge7 8. a3
Ba5 9. b4 Bb6 10. Na4 Nf5 11. Nxb6 cxb6 12. Be2 b5 13. c3 Nh4 14. O-O Ng6 15.
Qc2 f5 16. Bg5 Nge7 17. Qd2 Qd7 18. Nh4 Nd8 19. Bh5+ Nf7 20. Bxf7+ Kxf7 21. Qe2
Ke8 22. Qf3 h6 23. Bxe7 Qxe7 24. Ng6 Qg5 25. Nxh8 Kf8 26. Qg3 Qd8 27. Ng6+ Kf7
28. Nf4 Bd7 29. Qg6+ Kf8 30. Rfe1 Qe7 31. Qg3 Be8 32. Ng6+ Bxg6 33. Qxg6 f4 34.
Qg4 g5 35. g3 Ke8 36. Qh5+ Kd7 37. Qxh6 Rg8 38. Qh3 Rg7 39. Qg4 fxg3 40. fxg3
Kc6 41. Rf1 Rg6 42. Ra2 Kb6 43. Raf2 Ka7 44. Rf6 Rg7 45. Rxe6 Qc7 46. Rf3 Qc4
47. Ref6 Qa2 48. Rf1 Qxa3 49. R6f3 Qb2 50. R1f2 Qb3 51. Rd3 Rc7 52. Qd1 Qxd1+
53. Rxd1 Rxc3 54. Rb1 Rc4 55. Rd2 Kb8 56. e6 Kc8 57. e7 Kd7 58. Re1 Ke8 59. Rf2
Rc8 60. Rf8+ Kd7 61. Rxc8 Kxc8 62. e8=Q+ Kc7 63. Qe5+ Kc6 64. Qxg5 b6 65. Re6+
Kd7 66. Qxd5+ Kc8 67. Rxb6 Kc7 68. Rxa6 Kc8 69. Qc6+ Kb8 70. Ra8# 1-0

[Event "Challenge"]
[Site "http://www.queenalice.com/game.php?id=571079"]
[Date "2009.4.12"]
[Round "-"]
[White "Tuarek"]
[Black "georgealexandre"]
[Result "1-0"]
[WhiteElo "1392"]
[BlackElo "1101"]

1. e4 a6 2. d4 e6 3. Nf3 Nh6 4. Bxh6 gxh6 5. Bd3 h5 6. h4 Nc6 7. Nc3 d5 8. e5 f6
9. Qe2 Rg8 10. g3 Bg7 11. Bxh7 Rf8 12. Bg6+ Ke7 13. exf6+ Bxf6 14. O-O-O Qd6 15.
Rhe1 Rg8 16. Bf5 Nd8 17. Na4 Kf8 18. Bh3 Rg6 19. Nc5 Bg7 20. Ng5 Bxd4 21. Ncxe6+
Bxe6 22. Nxe6+ Nxe6 23. Bxe6 Re8 24. Rxd4 Rexe6 25. Qd2 c6 26. c4 Qc5 27. b3 Re7
28. Rxe7 Qxe7 29. cxd5 c5 30. d6 Qd7 31. Rd5 b6 32. Qd3 Re6 33. Qf5+ Ke8 34.
Qxh5+ Kd8 35. Qh8+ Re8 36. Qf6+ Kc8 37. Re5 Rxe5 38. Qxe5 Kd8 39. Qf6+ Kc8 40.
Qf8+ Kb7 41. Qe7 Kc6 42. Qxd7+ Kxd7 43. Kd2 Kxd6 44. Ke3 Ke5 45. f4+ 1-0

[Event "Challenge"]
[Site "http://www.queenalice.com/game.php?id=573294"]
[Date "2009.4.17"]
[Round "-"]
[White "georgealexandre"]
[Black "foda"]
[Result "1-0"]
[WhiteElo "1096"]
[BlackElo "1277"]

1. Nf3 d5 2. h3 Nf6 3. d4 Nc6 4. e3 e6 5. Bd3 g5 6. Nxg5 e5 7. dxe5 Nh5 8. Qxh5
Nxe5 9. f4 Ng6 10. f5 Qf6 11. O-O Ne5 12. e4 Bh6 13. exd5 Qxg5 14. Bxg5 Bxg5 15.
Qxg5 h6 16. Qf6 O-O 17. Qxe5 Bd7 18. f6 Rfe8 19. Qg3+ Kf8 20. Qg7# 1-0

[Event "Challenge"]
[Site "http://www.queenalice.com/game.php?id=574088"]
[Date "2009.4.18"]
[Round "-"]
[White "georgealexandre"]
[Black "saavik"]
[Result "0-1"]
[WhiteElo "1177"]
[BlackElo "1710"]

1. b3 e5 2. d4 e4 3. e3 d5 4. Nc3 Bb4 5. Bd2 Nc6 6. Bb5 a6 7. Bxc6+ bxc6 8. a3
Bd6 9. Na4 Bf5 10. Ne2 Qh4 11. Nf4 Nf6 12. Nc5 O-O 13. g3 Qg4 14. h3 Qf3 15. Rh2
g5 16. Ne2 Qh5 17. g4 Bxg4 18. f4 Qh4+ 19. Rf2 Qxh3 20. Bc3 gxf4 21. exf4 Bf3
22. Qd2 Ng4 23. Ng1 Qh1 24. Kf1 e3 25. Qd3 exf2 0-1

[Event "Challenge"]
[Site "http://www.queenalice.com/game.php?id=574340"]
[Date "2009.4.19"]
[Round "-"]
[White "filipewao"]
[Black "georgealexandre"]
[Result "0-1"]
[WhiteElo "1545"]
[BlackElo "1075"]

1. e4 a6 2. Nf3 Nc6 3. Bc4 e6 4. d4 d5 5. exd5 exd5 6. Bb3 Bd6 7. c4 Qf6 8. cxd5
Nce7 9. O-O Nxd5 10. Bxd5 Ne7 11. Bg5 Qg6 12. Bxe7 Bxe7 13. Ne5 Qf6 14. Bxf7+
Kf8 15. Qh5 Bf5 16. f3 Bc5 17. Nd7+ Ke7 18. Nxc5 Qxd4+ 19. Kh1 Qxc5 20. Re1+ Kd6
21. Nc3 Kd7 22. Rad1+ Kc8 23. Rd5 Qf2 24. Rdd1 g6 25. Qg5 Qxb2 26. Re8+ Rxe8 27.
Bxe8 Kb8 28. Nd5 Qe2 29. Nxc7 Qxd1# 0-1

[Event "AUTO-BEG-309"]
[Site "http://www.queenalice.com/game.php?id=574592"]
[Date "2009.4.19"]
[Round "1"]
[White "Reginato"]
[Black "georgealexandre"]
[Result "1-0"]
[WhiteElo "1464"]
[BlackElo "1249"]

1. d4 d5 2. c4 dxc4 3. Qa4+ Nc6 4. Nf3 Be6 5. Ne5 Qxd4 6. Nxc6 Qc5 7. Nd4+ Bd7
8. Qd1 e5 9. Nf3 Bd6 10. Nc3 Nf6 11. Be3 Qb4 12. Bd2 Qxb2 13. e4 Qb6 14. Bg5 Ng4
15. Qe2 Bb5 16. Nd5 Qa5+ 17. Bd2 Qa4 18. Nc3 Qa6 19. Nd5 c3 20. Nxc7+ Bxc7 21.
Qxb5+ Kf8 22. Bxc3 Qc6 23. Bb4+ Kg8 24. Bd3 Rd8 25. O-O Qh6 26. Rac1 Bb6 27. Ba5
Qe6 28. Nxe5 Nxe5 29. Bxb6 axb6 30. Be2 h6 31. h3 Kh7 32. f4 Nc6 33. Bd3 Nd4 34.
Qb1 b5 35. Bxb5 g6 36. Bc4 Qd7 37. f5 Rhe8 38. Qb6 1-0

[Event "AUTO-BEG-309"]
[Site "http://www.queenalice.com/game.php?id=574593"]
[Date "2009.4.19"]
[Round "1"]
[White "georgealexandre"]
[Black "Reginato"]
[Result "0-1"]
[WhiteElo "1149"]
[BlackElo "1544"]

1. e4 e5 2. d4 c6 3. dxe5 Qa5+ 4. Nc3 Qxe5 5. Nf3 Qa5 6. Bd2 Qh5 7. Be3 Bb4 8.
Qd4 f6 9. Qxb4 Ne7 10. Qc4 d6 11. Be2 Qg4 12. Rg1 Qd7 13. Nd4 b5 14. Qd3 Ba6 15.
Qd2 b4 16. Na4 c5 17. Nf5 Nxf5 18. exf5 Bxe2 19. Qxe2 O-O 20. b3 Qxf5 21. Rd1
Rd8 22. Nb2 Re8 23. Nc4 Re6 24. Nxd6 Qe5 25. Qc4 Nd7 26. Kf1 Rd8 27. Bf4 Nb6 28.
Qe4 Qxe4 0-1

[Event "AUTO-BEG-309"]
[Site "http://www.queenalice.com/game.php?id=574616"]
[Date "2009.4.19"]
[Round "1"]
[White "georgealexandre"]
[Black "Elienay"]
[Result "1-0"]
[WhiteElo "1075"]
[BlackElo "1215"]

1. e4 c6 2. d4 b6 3. Nf3 c5 4. Bd3 Nc6 5. d5 Nb4 6. Bf4 Nf6 7. Nc3 Nxe4 8. Nxe4
Nxd5 9. Bg3 a6 10. O-O h5 11. Bc4 Ra7 12. Bxd5 Rh6 13. Nfg5 Bb7 14. Qf3 Bxd5 15.
Rad1 e6 16. Qxf7# 1-0

[Event "AUTO-BEG-309"]
[Site "http://www.queenalice.com/game.php?id=574617"]
[Date "2009.4.19"]
[Round "1"]
[White "Elienay"]
[Black "georgealexandre"]
[Result "0-1"]
[WhiteElo "1208"]
[BlackElo "1132"]

1. e4 e5 2. c3 d5 3. f3 Ne7 4. d3 Nbc6 5. c4 dxc4 6. dxc4 Nd4 7. Be3 Nec6 8. h4
Nb4 9. Bg5 f6 10. a3 Nbc2+ 11. Kd2 Nxa1 12. Nc3 Nab3+ 13. Ke1 fxg5 14. Nd5 c6
15. hxg5 cxd5 16. exd5 Bf5 17. g4 Bc2 18. Qe2 Nxe2 19. Bxe2 e4 20. Rh5 e3 21. f4
Nd2 22. f5 Qa5 23. g6 Nf3+ 24. Kf1 Qe1+ 25. Kg2 Qf2+ 26. Kh1 Qxg1# 0-1

[Event "GeorgexFilipão"]
[Site "http://www.queenalice.com/game.php?id=585401"]
[Date "2009.5.9"]
[Round "-"]
[White "georgealexandre"]
[Black "filipewao"]
[Result "1-0"]
[WhiteElo "1147"]
[BlackElo "1580"]

1. e4 e5 2. d4 Nc6 3. d5 Nce7 4. Bc4 a6 5. Qh5 g6 6. Qxe5 f6 7. Qd4 d6 8. Bg5
Bg7 9. Bf4 f5 10. Qxg7 Bd7 11. Qxh8 Bb5 12. Na3 Qd7 13. Nf3 O-O-O 14. Nxb5 axb5
15. Bd3 Re8 16. Qc3 Nxd5 17. Qd2 Ndf6 18. Ng5 d5 19. O-O fxe4 20. Be2 h6 21. Nh3
h5 22. Be3 Re5 23. Qd4 Qe8 24. Bxb5 Qe6 25. Bf4 Rf5 26. Qa7 c6 27. Qb8+ Kd7 28.
Qxb7+ Kd8 29. Bxc6 h4 30. Qc7# 1-0

[Event "Vamo outra?"]
[Site "http://www.queenalice.com/game.php?id=586367"]
[Date "2009.5.10"]
[Round "-"]
[White "Aldino"]
[Black "georgealexandre"]
[Result "1-0"]
[WhiteElo "2036"]
[BlackElo "1151"]

1. e4 e5 2. Nf3 d6 3. c4 c5 4. Nc3 Nf6 5. d3 Be7 6. Be2 Nc6 7. Qa4 Bd7 8. Qb3
O-O 9. Qd1 a6 10. Bg5 b5 11. Bxf6 Bxf6 12. Nd5 Be7 13. Nxe7+ Nxe7 14. b3 Nc6 15.
h3 Nd4 16. Nxd4 cxd4 17. O-O a5 18. Bg4 Bxg4 19. Qxg4 b4 20. f4 Ra7 21. f5 f6
22. Rf3 g5 23. h4 Rg7 24. hxg5 Rxg5 25. Qh4 Rf7 26. Rg3 Rfg7 27. Rxg5 fxg5 28.
Qg4 Qf6 29. Kf2 Qh6 30. Qh3 Qh4+ 31. Qxh4 gxh4 32. Rh1 Rg4 33. Rh3 Rf4+ 34. Rf3
Rg4 35. Kg1 h5 36. Kh2 Kf7 37. g3 hxg3+ 38. Rxg3 Kf6 39. Rxg4 hxg4 40. Kg3 d5
41. cxd5 Ke7 42. Kxg4 Kd6 43. f6 Kd7 44. Kf5 Ke8 45. Kxe5 Kf7 46. d6 a4 47. d7
axb3 48. axb3 Kf8 49. Ke6 Kg8 50. d8=Q+ Kh7 51. Kf5 Kh6 52. Qh8# 1-0

[Event "Eu chego lah"]
[Site "http://www.queenalice.com/game.php?id=587128"]
[Date "2009.5.12"]
[Round "-"]
[White "Prestow"]
[Black "georgealexandre"]
[Result "1-0"]
[WhiteElo "1587"]
[BlackElo "1134"]

1. d4 d5 2. c4 e6 3. Nf3 dxc4 4. Qa4+ c6 5. Qxc4 Nf6 6. e3 Nd5 7. Bd3 b6 8. Ne5
Bb4+ 9. Nc3 Bd7 10. O-O Bd6 11. e4 Nf4 12. Bxf4 b5 13. Qb3 Na6 14. a3 O-O 15.
Qd1 Nc7 16. Qg4 Ne8 17. Rad1 Nf6 18. Qg3 c5 19. Bxb5 Bc8 20. Nd3 cxd4 21. Bxd6
dxc3 22. Bxf8 Qxf8 23. bxc3 Nxe4 24. Qc7 Nf6 25. Ne5 Nd5 26. Qc6 Nb6 27. Qc7 Nd5
28. Rxd5 exd5 29. Bc6 Be6 30. Bxa8 Qxa8 31. Rb1 1-0

[Event "The Mistake is there..."]
[Site "http://www.queenalice.com/game.php?id=592634"]
[Date "2009.5.23"]
[Round "-"]
[White "georgealexandre"]
[Black "Prestow"]
[Result "1/2-1/2"]
[WhiteElo "1177"]
[BlackElo "1615"]

1. e4 e5 2. d4 d6 3. d5 Nf6 4. Nc3 Nbd7 5. Nf3 Nc5 6. Bg5 Be7 7. Bxf6 Bxf6 8.
Be2 a6 9. b4 Nd7 10. b5 a5 11. a4 Nc5 12. Nd2 Bg5 13. Bh5 Bxd2+ 14. Qxd2 Qh4 15.
Bf3 Bg4 16. Qe3 f5 17. exf5 Bxf5 18. Ne2 Bxc2 19. Nc3 Bxa4 20. O-O O-O 21. Be4
Nxe4 22. Nxe4 Bxb5 23. Rfb1 Bc4 24. Rxb7 Bxd5 25. Rxc7 Bxe4 26. Ra4 Qh5 27. Qb3+
d5 28. Rxe4 Rfd8 29. Re1 Kh8 30. Qg3 g6 31. f3 Qf5 32. Rxe5 Qb1+ 33. Re1 Qb6+
34. Kh1 Re8 35. Rce7 Rxe7 36. Rxe7 Qb1+ 37. Re1 Qb5 38. Re7 Qb1+ 39. Re1 Qb5 40.
Qe5+ Kg8 41. h3 Qd7 42. Rd1 Rd8 43. f4 Qf5 44. Qc7 Ra8 45. Qc5 Rd8 46. Qxa5 Qd7
47. g4 d4 48. Rd3 Qd5+ 49. Qxd5+ 1/2-1/2

[Event "Challenge"]
[Site "http://www.queenalice.com/game.php?id=598578"]
[Date "2009.6.4"]
[Round "-"]
[White "josealexandreschultz"]
[Black "georgealexandre"]
[Result "0-1"]
[WhiteElo "1664"]
[BlackElo "1189"]

1. e4 e5 2. Nf3 d6 3. Nc3 Nf6 4. d4 Bd7 5. Bc4 Nc6 6. dxe5 dxe5 7. Bg5 Be7 8.
O-O Bg4 9. Qe2 Nd4 10. Bxf7+ Kxf7 11. Qc4+ Kf8 12. Nxe5 Be6 13. Qd3 c5 14. b3
Ng4 15. Bxe7+ Qxe7 16. Nxg4 Bxg4 17. Nd5 Qd6 18. g3 Rd8 19. c4 Qh6 20. f3 Be6
21. f4 Qh5 22. f5 Bxd5 23. cxd5 Ke8 24. Rf2 Rf8 25. Raf1 Rf6 26. Qc4 b6 27. a4
Rh6 28. e5 Nf3+ 29. Kg2 Nxh2 30. Rh1 Qh3+ 31. Kg1 Nf3+ 32. Rxf3 Qxh1+ 33. Kf2
Rh2+ 34. Ke3 Qe1+ 35. Kf4 Qd2+ 36. Re3 Rxd5 37. Qb5+ Kf7 38. Qc4 Kf8 39. Qc3
Rd4+ 40. Kg5 Qd1 41. Rf3 Rdd2 42. e6 Rd4 43. e7+ Ke8 44. Qe3 Re2 45. Qc3 Red2
46. g4 Qe1 47. Re3 Qh1 48. f6 Qh6+ 0-1

[Event "Challenge"]
[Site "http://www.queenalice.com/game.php?id=600674"]
[Date "2009.6.9"]
[Round "-"]
[White "filipewao"]
[Black "georgealexandre"]
[Result "1-0"]
[WhiteElo "1537"]
[BlackElo "1191"]

1. e4 e5 2. Nf3 d6 3. Bc4 Be7 4. d3 Qd7 5. Be3 Nc6 6. Bb5 a6 7. Bc4 b5 8. Bd5
Nf6 9. Ng5 Nxd5 10. exd5 Nd4 11. c3 Nf5 12. Ne4 Bh4 13. O-O Nxe3 14. fxe3 c6 15.
dxc6 Qxc6 16. Qc2 d5 17. Nf2 b4 18. d4 O-O 19. a3 bxc3 20. bxc3 Bf6 21. e4 dxe4
22. Nxe4 Be7 23. dxe5 Bc5+ 24. Kh1 Bd4 25. Ng5 g6 26. Nf3 Bxc3 27. Nxc3 Bf5 28.
Qd2 Rad8 29. Qh6 f6 30. exf6 Rxf6 31. Ne2 Rf7 32. Ned4 Qd5 33. Rae1 Rd6 34. Re8+
Rf8 35. Qxf8# 1-0

[Event "Vamo outra?"]
[Site "http://www.queenalice.com/game.php?id=614568"]
[Date "2009.7.7"]
[Round "-"]
[White "josealexandreschultz"]
[Black "georgealexandre"]
[Result "1-0"]
[WhiteElo "1607"]
[BlackElo "1242"]

1. e4 e5 2. Nf3 d6 3. Bc4 Be7 4. Nc3 Bd7 5. O-O Nf6 6. d3 Nc6 7. Be3 Bg4 8. h3
Bd7 9. a3 Nh5 10. Ng5 Bxg5 11. Qxh5 O-O 12. Bxg5 Ne7 13. Qd1 Ng6 14. Bxd8 Raxd8
15. Ne2 Nf4 16. Nxf4 exf4 17. c3 c6 18. Ba2 b5 19. Qf3 Rde8 20. Qxf4 Be6 21. b3
Re7 22. d4 a6 23. Rfe1 d5 24. e5 1-0